000 00224 a2200097 4500
001 18020
100 _aRizvi, H A
245 _aMilitary & politics inPakistan
260 _a
_bProgressive Publishers
_c
090 _c13324
_d13324
942 _aNUST-CAE
_cM
_c3697
999 _c253093
_d253093